San Antonio Spurs - Statistics

General Stats
  • This quiz has been taken 903 times
  • The average score is 7 of 14
Answer Stats
Hint Answer % Correct
How many championships have the Spurs won? 4
94%
Where is Tony Parker from? France
79%
Who is the current head coach? Greg Popovich
78%
Where is Manu Ginobili from? Argentina
74%
What was David Robinson's nickname? The Admiral
66%
What was George Gervin's nickname? The Iceman
63%
Which NBA Finals opponent took them to 7 games? Detroit Pistons
52%
Where did Tim Duncan go to college? Wake Forest
52%
Who was their opponent in the 1999 NBA Finals? New York Knicks
51%
What is the mascot? Coyote
38%
What arena do the Spurs currently play in? AT&T Center
35%
What transplant did Sean Elliot have? Kidney
28%
Sean Elliot's biggest shot was on which holiday? Memorial Day
17%
What are the cheerleaders called? Silver Dancers
13%
No matching quizzes found
Score Distribution
Percent of People with Each Score
Percentile by Number Answered
Your Score History
You have not taken this quiz